| 000 | 01049nam0a2200277 i 4500 | ||
|---|---|---|---|
| 001 | RU\NLR\BIBL_A\010476416 | ||
| 005 | 20260406134729.0 | ||
| 010 |
_a9785992208016 _93000 |
||
| 021 |
_aRU _b2014-58889 _93572 |
||
| 035 | _a(NLR Aleph) 010476416 | ||
| 090 |
_a10046383 _c10046383 |
||
| 100 | _a20141014d2014 u y0rusy50 ca | ||
| 101 | 0 | _arus | |
| 102 | _aRU | ||
| 105 | _aa ||z|||000ay | ||
| 200 | 1 |
_aАйвенго _e[роман] _fВальтер Скотт _g[пер. с англ.: Е Бекетовой] _gрис.: Ф.-Т. Ликс [и др.] |
|
| 210 |
_aМосква _cАЛЬФА-КНИГА _d2014 |
||
| 215 |
_a524, [2] с. _cил. _d21 |
||
| 225 | 1 | _aИллюстрированное издание | |
| 686 | 1 | _aШ6(4Вл)57-440.4(Лх1296.1-50) | |
| 700 | 1 |
_7ca _8rus _aСкотт _bВ. _f1771-1832 _gВальтер _9112410 _3RU\NLR\AUTH\772398 |
|
| 702 | 1 |
_4440 _7ca _8rus _aЛикс _bФ.-Т. _f1830-1897 _gФредерик-Теодор _995259 _3RU\NLR\AUTH\77112334 |
|
| 942 | _cBOOK | ||
| 980 | _aNBR | ||